[Event "chess.com Speed 2021"]
[Site "chess.com INT"]
[Date "2021.12.14"]
[Round "3.31"]
[White "So, Wesley"]
[Black "Nihal, Sarin"]
[Result "1-0"]
[WhiteTitle "GM"]
[BlackTitle "GM"]
[WhiteElo "2772"]
[BlackElo "2650"]
[WhiteFideId "5202213"]
[BlackFideId "25092340"]
[EventDate "2021.11.08"]
[EventType "k.o."]

1. Nf3 d5 2. c4 e6 3. d4 Nf6 4. g3 Be7 5. Bg2 O-O 6. O-O dxc4 7. Qc2 b5 8. a4 b4
9. Nfd2 Nd5 10. Nxc4 c5 11. dxc5 Ba6 12. Ne3 Nd7 13. Nxd5 exd5 14. Be3 Rc8 15.
Bh3 d4 16. Bxd4 Bb7 17. Rd1 Qc7 18. Bxg7 Qc6 19. e4 Rfd8 20. Bd4 Rc7 21. Nd2
Nxc5 22. Be5 Nd3 23. Qxc6 Rxc6 24. Nf3 Rc2 25. Rxd3 Rxd3 26. Ne1 Rdd2 27. Nxc2
Rxc2 28. Bd4 Bxe4 29. Re1 f5 30. f3 Bxf3 31. Rxe7 Be4 32. Bf1 b3 33. Rxa7 Kf8
34. a5 1-0

[Event "chess.com Speed 2021"]
[Site "chess.com INT"]
[Date "2021.12.14"]
[Round "3.32"]
[White "Nihal, Sarin"]
[Black "So, Wesley"]
[Result "0-1"]
[WhiteTitle "GM"]
[BlackTitle "GM"]
[WhiteElo "2650"]
[BlackElo "2772"]
[WhiteFideId "25092340"]
[BlackFideId "5202213"]
[EventDate "2021.11.08"]
[EventType "k.o."]

1. Nf3 Nf6 2. b3 d5 3. Bb2 g6 4. e3 Bg7 5. c4 O-O 6. cxd5 Nxd5 7. Bxg7 Kxg7 8.
Be2 c5 9. O-O b6 10. d4 cxd4 11. Qxd4+ Nf6 12. Qb2 Bb7 13. Nc3 Nbd7 14. Rfd1 Qb8
15. Nb5 Bc6 16. Nbd4 Qb7 17. Nxc6 Qxc6 18. Rac1 Qb7 19. Bb5 Rad8 20. Bc6 Qc8 21.
g4 Nc5 22. Ne5 h6 23. Bf3 Rxd1+ 24. Rxd1 Rd8 25. Rc1 a5 26. h3 Qe6 27. Kg2 Kg8
28. Nc6 Rd6 29. Nd4 Qd7 30. Be2 h5 31. gxh5 Nxh5 32. Nf3 Nf6 33. b4 axb4 34.
Qxb4 Qf5 35. a4 Nce4 36. Rc7 Nd5 37. Qc4 Nxc7 38. Qxc7 Qf6 39. Qc4 Nd2 40. Qc8+
Kg7 41. Nd4 Ne4 42. Bf3 Ng5 43. Bg4 e5 44. Ne2 Ne4 45. Bf3 Ng5 46. Bg4 Rd2 47.
Qc3 Ne4 0-1

[Event "chess.com Speed 2021"]
[Site "chess.com INT"]
[Date "2021.12.14"]
[Round "3.33"]
[White "So, Wesley"]
[Black "Nihal, Sarin"]
[Result "0-1"]
[WhiteTitle "GM"]
[BlackTitle "GM"]
[WhiteElo "2772"]
[BlackElo "2650"]
[WhiteFideId "5202213"]
[BlackFideId "25092340"]
[EventDate "2021.11.08"]
[EventType "k.o."]

1. Nf3 g6 2. c4 Bg7 3. d4 d6 4. Nc3 Nc6 5. g3 Bd7 6. Bg2 Qc8 7. h3 h5 8. b3 Nh6
9. Bb2 Nf5 10. e3 e5 11. dxe5 Nxe5 12. Nxe5 Bxe5 13. Qd2 Bc6 14. Bxc6+ bxc6 15.
Ne4 Qe6 16. Bxe5 Qxe5 17. Qc3 Qxe4 18. Qxh8+ Ke7 19. Qxa8 Qxh1+ 20. Ke2 Qxa1 21.
Qxa7 Qb2+ 22. Kf3 Kd7 23. Qa8 Qb1 24. Qf8 Qxa2 25. Qxf7+ Ne7 26. c5 Qc2 27. cxd6
cxd6 28. g4 Qd1+ 29. Kg3 Qg1+ 30. Kf3 Qh2 31. gxh5 Qxh3+ 32. Ke2 Qxh5+ 33. Ke1
Qd5 34. Qf8 Qxb3 35. Qa8 Qb1+ 36. Ke2 Qb5+ 37. Kf3 c5 38. Qa7+ Ke6 39. Qa2+ c4
40. Kg3 Qc6 41. f3 d5 42. e4 dxe4 43. fxe4 Qxe4 44. Qa6+ Kf7 45. Qa2 Qd3+ 46.
Kf4 Qf5+ 47. Ke3 Qe6+ 48. Kd4 Nf5+ 49. Kc3 Qe3+ 50. Kb4 Qb3+ 51. Qxb3 cxb3 52.
Kxb3 g5 53. Kc3 g4 54. Kd3 Kf6 55. Ke4 Kg5 56. Ke5 g3 57. Ke6 g2 58. Kd5 g1=Q
59. Kc4 Qd4+ 60. Kb3 Qc5 61. Ka4 Qb6 62. Ka3 Qb5 63. Ka2 Kf4 64. Ka3 Ke3 65. Ka2
Kd2 66. Ka3 Kc2 67. Ka2 Qa5# 0-1

[Event "chess.com Speed 2021"]
[Site "chess.com INT"]
[Date "2021.12.14"]
[Round "3.34"]
[White "Nihal, Sarin"]
[Black "So, Wesley"]
[Result "1-0"]
[WhiteTitle "GM"]
[BlackTitle "GM"]
[WhiteElo "2650"]
[BlackElo "2772"]
[WhiteFideId "25092340"]
[BlackFideId "5202213"]
[EventDate "2021.11.08"]
[EventType "k.o."]

1. d4 Nf6 2. Nf3 d5 3. Bg5 Ne4 4. Bf4 c5 5. e3 Nc6 6. Nbd2 Bg4 7. Be2 Nxd2 8.
Qxd2 e6 9. O-O Rc8 10. h3 Bxf3 11. Bxf3 Bd6 12. dxc5 Bxc5 13. c4 dxc4 14. Qc3
O-O 15. Qxc4 Qb6 16. Qe2 Rfd8 17. a3 Bd6 18. Bg5 Be7 19. Bxe7 Nxe7 20. Rfd1 a5
21. g3 h6 22. Kg2 Qc7 23. h4 b6 24. Qb5 Rxd1 25. Rxd1 Rd8 26. Rxd8+ Qxd8 27. Be4
Kf8 28. b4 axb4 29. Qxb4 Qc7 30. Bf3 Kg8 31. a4 Nf5 32. Qe4 Nd6 33. Qd4 Nf5 34.
Qe4 Nd6 35. Qf4 Qc5 36. Be2 g5 37. Qf6 Ne4 38. Qxh6 Qc2 39. Qh5 gxh4 40. gxh4
Qxa4 41. Qg4+ Kf8 42. Qf4 Qc2 43. Bh5 f5 44. Bg6 b5 45. h5 Kg7 46. Qe5+ Kh6 47.
Qf4+ Kg7 48. Be8 Kf8 49. Bxb5 Nf6 50. Qh6+ Kf7 51. Qg6+ Ke7 52. Qg7+ 1-0

[Event "chess.com Speed 2021"]
[Site "chess.com INT"]
[Date "2021.12.14"]
[Round "3.35"]
[White "So, Wesley"]
[Black "Nihal, Sarin"]
[Result "1/2-1/2"]
[WhiteTitle "GM"]
[BlackTitle "GM"]
[WhiteElo "2772"]
[BlackElo "2650"]
[WhiteFideId "5202213"]
[BlackFideId "25092340"]
[EventDate "2021.11.08"]
[EventType "k.o."]

1. Nf3 g6 2. c4 Bg7 3. d4 d6 4. g3 Nc6 5. Bg2 Bd7 6. Nc3 Qc8 7. h3 h5 8. b3 Nh6
9. Bb2 Nf5 10. d5 Ne5 11. Nxe5 Bxe5 12. Qd2 c5 13. dxc6 Bxc6 14. Nd5 e6 15. Bxe5
dxe5 16. Nf6+ Ke7 17. Ne4 Kf8 18. O-O Kg7 19. Qb2 Qc7 20. Rad1 Rad8 21. e3 a5
22. Qc3 b6 23. a3 f6 24. b4 axb4 25. axb4 Rxd1 26. Rxd1 Rd8 27. Rxd8 Qxd8 28. c5
Qd1+ 29. Kh2 b5 30. Qd2 Qxd2 31. Nxd2 Bxg2 32. Kxg2 Ne7 33. Nb1 Nc6 34. Nc3 Nxb4
35. Nxb5 Kf7 36. g4 hxg4 37. hxg4 Ke7 38. g5 fxg5 39. Nd6 Kd7 40. Kf3 Kc6 41.
Ne4 Nd3 42. Kg4 Kd5 43. c6 Kxc6 44. Kxg5 Kd5 45. Nf6+ Kc4 46. Ne4 Kd5 47. Nf6+
Kc4 48. Ne4 Kd5 1/2-1/2

[Event "chess.com Speed 2021"]
[Site "chess.com INT"]
[Date "2021.12.14"]
[Round "3.36"]
[White "Nihal, Sarin"]
[Black "So, Wesley"]
[Result "0-1"]
[WhiteTitle "GM"]
[BlackTitle "GM"]
[WhiteElo "2650"]
[BlackElo "2772"]
[WhiteFideId "25092340"]
[BlackFideId "5202213"]
[EventDate "2021.11.08"]
[EventType "k.o."]

1. b3 Nf6 2. Bb2 g6 3. Nf3 Bg7 4. g3 c5 5. Bg2 d5 6. O-O O-O 7. e3 Re8 8. d4
cxd4 9. exd4 Nc6 10. Nbd2 Bf5 11. Re1 Rc8 12. a3 Ne4 13. Rc1 Bh6 14. h3 Qb6 15.
g4 Nxd2 16. Nxd2 Be6 17. Nf3 Bxc1 18. Qxc1 Kg7 19. Qe3 Nd8 20. c4 Rxc4 21. bxc4
Qxb2 22. c5 f6 23. Qf4 Qb5 24. h4 Qd7 25. g5 Nc6 26. h5 gxh5 27. Qh4 Bg4 28. Nh2
Bf5 29. Qxh5 Bg6 30. Qh6+ Kf7 31. Bh3 e6 32. Nf3 Qd8 33. gxf6 Qxf6 34. Ng5+ Kg8
35. Rxe6 Rxe6 36. Bxe6+ Kh8 37. Nf7+ Kg8 38. Ng5+ Kh8 39. Bxd5 Ne7 40. Bxb7 Nf5
41. Qh3 Qxg5+ 42. Bg2 Nxd4 43. Qc3 Qf6 44. Qe3 Nf5 45. Qc1 Nd4 46. Qe3 Kg7 47.
c6 Nxc6 48. Qc5 Ne5 49. Qxa7+ Qf7 50. Qd4 Qf6 51. Qa7+ Bf7 52. a4 Nd3 53. Qe3
Nf4 54. Bf1 Qf5 55. a5 Qg5+ 56. Kh2 Qh4+ 57. Kg1 Bd5 58. Qe5+ Kf7 59. Qc7+ Kg6
60. Qd6+ Kf5 61. Bd3+ Kg4 62. Qd7+ Kf3 63. Be4+ Bxe4 64. Qd1+ Ne2+ 0-1

[Event "chess.com Speed 2021"]
[Site "chess.com INT"]
[Date "2021.12.14"]
[Round "3.37"]
[White "So, Wesley"]
[Black "Nihal, Sarin"]
[Result "1-0"]
[WhiteTitle "GM"]
[BlackTitle "GM"]
[WhiteElo "2772"]
[BlackElo "2650"]
[WhiteFideId "5202213"]
[BlackFideId "25092340"]
[EventDate "2021.11.08"]
[EventType "k.o."]

1. e4 g6 2. d4 Bg7 3. Nc3 d6 4. Be3 Nc6 5. Qd2 e5 6. Nge2 Nf6 7. f3 O-O 8. O-O-O
b5 9. Nxb5 Rb8 10. Nbc3 a5 11. d5 Nb4 12. Kb1 Nh5 13. Nc1 f5 14. Nb3 fxe4 15.
fxe4 Nf4 16. a3 Bg4 17. Rc1 Kh8 18. Nxa5 c5 19. Nb3 Qd7 20. h3 Bh5 21. g4 Ra8
22. gxh5 Nxh5 23. Bb5 Qe7 24. axb4 cxb4 25. Na4 Rfb8 26. Qxb4 Qb7 27. c4 1-0

[Event "chess.com Speed 2021"]
[Site "chess.com INT"]
[Date "2021.12.14"]
[Round "3.38"]
[White "Nihal, Sarin"]
[Black "So, Wesley"]
[Result "1-0"]
[WhiteTitle "GM"]
[BlackTitle "GM"]
[WhiteElo "2650"]
[BlackElo "2772"]
[WhiteFideId "25092340"]
[BlackFideId "5202213"]
[EventDate "2021.11.08"]
[EventType "k.o."]

1. Nf3 d5 2. g3 Nf6 3. Bg2 e6 4. O-O Be7 5. d4 O-O 6. b3 c5 7. dxc5 Bxc5 8. c4
dxc4 9. Qc2 Nc6 10. Nbd2 Qe7 11. Nxc4 b5 12. Nce5 Bb7 13. Nd3 Bb6 14. Bb2 Rac8
15. Rac1 Nd4 16. Qd2 Nxf3+ 17. Bxf3 Bxf3 18. exf3 Nd5 19. Kg2 h6 20. Qe2 a6 21.
Ne5 Qb7 22. Qe4 Rxc1 23. Rxc1 Rc8 24. Rd1 Bd8 25. Ng4 Qc6 26. h4 Qc2 27. Qd4 f6
28. Rd2 Qf5 29. Qa7 h5 30. Qd7 Nb6 31. Qe8+ Kh7 32. Ne3 Qg6 33. Qxe6 Bc7 34. Nf5
Re8 35. Ne7 Qh6 36. Qf7 Ra8 37. Nf5 Qg6 38. Qxc7 Qxf5 39. Qxb6 a5 40. Re2 a4 41.
Re7 axb3 42. axb3 Rf8 43. Qb7 Rg8 44. Rf7 Kg6 45. Rc7 Kh7 46. Rc6 Kg6 47. Qb6
Kh7 48. Rc5 Qg6 49. Qxb5 Re8 50. Rxh5+ Kg8 51. Qd5+ Qf7 52. Rh8+ Kxh8 53. Qxf7
Rd8 54. Bxf6 gxf6 55. Qxf6+ Kh7 56. Qxd8 Kg6 57. Qg5+ Kf7 58. h5 Ke6 59. h6 Kd6
60. h7 Kc6 61. h8=Q Kb6 62. Qhh6+ Kc7 63. Qgg7+ 1-0

[Event "chess.com Speed 2021"]
[Site "chess.com INT"]
[Date "2021.12.14"]
[Round "3.39"]
[White "So, Wesley"]
[Black "Nihal, Sarin"]
[Result "0-1"]
[WhiteTitle "GM"]
[BlackTitle "GM"]
[WhiteElo "2772"]
[BlackElo "2650"]
[WhiteFideId "5202213"]
[BlackFideId "25092340"]
[EventDate "2021.11.08"]
[EventType "k.o."]

1. e4 d5 2. exd5 Qxd5 3. Nc3 Qd8 4. d4 Nf6 5. Nf3 g6 6. h3 Bg7 7. Be3 O-O 8. Qd2
Nc6 9. Bc4 e6 10. O-O b6 11. Rad1 Bb7 12. Bh6 Ne7 13. Bxg7 Kxg7 14. Ne5 Nf5 15.
Rfe1 Qd6 16. Nb5 Qe7 17. Bf1 a6 18. Nc3 Rad8 19. Ne2 Ne4 20. Qf4 Qb4 21. Qc1 Qe7
22. c3 c5 23. Nf3 Rd7 24. dxc5 Rxd1 25. Qxd1 Qxc5 26. Ned4 Qc7 27. Nxf5+ exf5
28. Qd4+ Kg8 29. Qe5 Qd7 30. Qd4 Qc6 31. Bc4 Ng5 32. Be2 Ne6 33. Qc4 Qd6 34. Rd1
Qe7 35. Kf1 b5 36. Qb4 Qc7 37. Qd6 Qa5 38. a3 Be4 39. Nd4 Rd8 40. Qb4 Qb6 41.
Nxe6 Rxd1+ 42. Bxd1 Qxe6 43. Qd4 Bd5 44. Qd2 h5 45. Kg1 Qe5 46. h4 f4 47. Bf3
Bxf3 48. gxf3 Qf6 49. Qd5 Qxh4 50. Qa8+ Kg7 51. Qxa6 Qg5+ 52. Kf1 Qf5 53. Qd6
Qb1+ 54. Kg2 Qxb2 55. Qe5+ Kg8 56. Qb8+ Kh7 57. Qxf4 Qb3 58. Qf6 Qd5 59. Qf4 Kg7
60. a4 g5 61. Qb4 g4 62. axb5 Qxf3+ 63. Kg1 h4 64. Qd4+ Kg6 65. Qd6+ f6 66. Qc6
Qe2 67. Qd5 Qe1+ 68. Kg2 h3+ 69. Kg3 Qg1+ 70. Kh4 Qxf2+ 71. Kxg4 Qg2+ 0-1